| 000 | 00966pam a2200289 a 4500 | ||
|---|---|---|---|
| 005 | 19890511122029.2 | ||
| 008 | 880304s1989 nyua b 001 0 eng | ||
| 010 | _aENG-95612 | ||
| 020 | _a9788120338869 | ||
| 035 | _aEN-79145 | ||
| 037 | _bDBAD/PUB | ||
| 040 | _aDPL | ||
| 082 |
_a632.7 _220 |
||
| 100 | _aPedigo, Larry P. | ||
| 245 |
_aEntomology and pest management / _cLarry P. Pedigo. |
||
| 250 | _a6th ed. | ||
| 260 |
_aNew Delhi _bPHI Learnibg P.Ltd. _aNew Delhi _c2009 |
||
| 300 |
_axxii, 646 p. : _bill. ; _c26 cm.(Pbk) |
||
| 504 | _aIncludes bibliographies and index. | ||
| 650 |
_aInsect pests _xControl. |
||
| 650 | _aInsect pests. | ||
| 650 | _aInsects. | ||
| 650 | _aEntomology. | ||
| 700 | _aRice, Marlin E. | ||
| 942 |
_2ddc _cEN _h632.7 _mPED |
||
| 999 |
_c32323 _d32323 |
||